Tratado de pediatría / (Record no. 75763)

MARC details
000 -LEADER
campo de control de longitud fija 00697nam a2200193 i 4500
001 - NÚMERO DE CONTROL
campo de control 75763
003 - IDENTIFICADOR DE NÚMERO DE CONTROL
campo de control ES-MaACL
005 - FECHA Y HORA DE LA ÚLTIMA TRANSACCIÓN
campo de control 20230906172604.0
007 - CAMPO FIJO DE DESCRIPCIÓN FÍSICA--INFORMACIÓN GENERAL
campo de control de longitud fija t|
008 - DATOS DE LONGITUD FIJA--INFORMACIÓN GENERAL
campo de control de longitud fija 040927s1943 sp ||||1| spa d
100 1# - ENTRADA PRINCIPAL--NOMBRE DE PERSONA
Nombre de persona Griffith, John Price Crozer.
9 (RLIN) 60005
245 10 - MENCIÓN DEL TÍTULO
Título Tratado de pediatría /
Mención de responsabilidad, etc. J. P. Crozer Griffith y A. Graeme Mitchell ; traducción de la tercera edición inglesa por José Doménech Alsina.
260 ## - PUBLICACIÓN, DISTRIBUCIÓN, ETC.
Lugar de publicación, distribución, etc. Barcelona :
Nombre del editor, distribuidor, etc. Salvat,
Fecha de publicación, distribución, etc. 1943 (
Fabricante Imp. Hispano-Americana)
300 ## - DESCRIPCIÓN FÍSICA
Extensión X, 1105 p., 10 lám. :
Otras características físicas il. ;
Dimensiones 26 cm.
650 #4 - PUNTO DE ACCESO ADICIONAL DE MATERIA--TÉRMINO DE MATERIA
Término de materia o nombre geográfico como elemento de entrada Pediatría.
9 (RLIN) 136672
700 1# - ENTRADA AGREGADA--NOMBRE PERSONAL
Nombre de persona Mitchell, A. Graeme.
9 (RLIN) 81669
700 1# - ENTRADA AGREGADA--NOMBRE PERSONAL
Nombre de persona Domenech Alsina, José.
9 (RLIN) 45089
852 ## - LOCALIZACIÓN
Ubicación ES-MaACL
Número de control de estantería E-79
Sublocalización o colección R.20291
Holdings
Estatus retirado Estado de pérdida Estado de daño No para préstamo Biblioteca de origen Biblioteca actual Ubicación en estantería Fecha de adquisición Fuente de adquisición Total de préstamos Signatura topográfica completa Código de barras Visto por última vez Precio de reemplazo Tipo de ítem Koha
        Biblioteca del Ateneo de Madrid Biblioteca del Ateneo de Madrid Depósito 2 17/01/2008     E-79 1079299 23/02/2023 23/02/2023 Libro impreso